Statistics for Alfred Hitchcock Filmography

Click here to take the quiz!

General Stats

  • This quiz has been taken 364 times
    (104 since last reset)
  • The average score is 36 of 100

Answer Stats

TypeYearName% Correct
Film Production1963The Birds
91%
Film Directed1963The Birds
91%
Film Directed1960Psycho
90%
Film Production1960Psycho
90%
Film Directed1958Vertigo
90%
Film Production1958Vertigo
90%
Film Directed1954Rear Window
87%
Film Production1954Rear Window
87%
Film Production1959North by Northwest
84%
Film Directed1959North by Northwest
84%
Film Directed1948Rope
75%
Film Production1948Rope
75%
Film Production1954Dial M for Murder
71%
Film Directed1954Dial M for Murder
71%
Film Directed1940Rebecca
68%
Film Directed1956The Man Who Knew Too Much
63%
Film Production1956The Man Who Knew Too Much
63%
Film Directed1934The Man Who Knew Too Much
63%
Film Production1951Strangers on a Train
62%
Film Directed1951Strangers on a Train
62%
Film Production1964Marnie
61%
Film Directed1964Marnie
61%
Film Directed1935The 39 Steps
59%
Film Directed1955To Catch a Thief
56%
Film Production1955To Catch a Thief
56%
Film Production1946Notorious
53%
Film Directed1946Notorious
53%
Film Directed1972Frenzy
52%
Film Production1972Frenzy
52%
Film Directed1943Shadow of a Doubt
48%
Film Directed1976Family Plot
47%
Film Production1976Family Plot
47%
Film Directed1969Topaz
47%
Film Production1969Topaz
47%
TV Show Host1955-1962Alfred Hitchcock Presents
46%
Film Directed1944Lifeboat
46%
Film Directed1938The Lady Vanishes
46%
TV Episode Directed1957Suspicion
44%
Film Directed1941Suspicion
44%
Film Production1966Torn Curtain
44%
Film Directed1966Torn Curtain
44%
Film Directed1939Jamaica Inn
41%
Film Production1956The Wrong Man
41%
Film Directed1956The Wrong Man
41%
Film Directed1945Spellbound
39%
Film Production1955The Trouble with Harry
38%
Film Directed1955The Trouble with Harry
38%
Film Directed1942Saboteur
37%
Film Directed1936Sabotage
32%
Film Production1953I Confess
30%
Film Directed1953I Confess
30%
Film Directed1927The Lodger: A Story of the London Fog
30%
Film Directed1947The Paradine Case
29%
Film Directed1940Foreign Correspondent
28%
Film Directed1941Mr. & Mrs. Smith
25%
Film Production1949Under Capricorn
25%
Film Directed1949Under Capricorn
25%
Film Directed1950Stage Fright
23%
Film Production1950Stage Fright
23%
Film Screenplay1930Murder!
18%
Film Directed1930Murder!
18%
Film Screenplay1929Blackmail
16%
Film Directed1929Blackmail
16%
Film Screenplay1927The Ring
16%
Film Directed1927The Ring
16%
Film Directed1925The Pleasure Garden
15%
Film Directed1936Secret Agent
13%
Film Directed1926The Mountain Eagle
13%
Film Directed1937Young and Innocent
13%
Film Directed1928The Farmer's Wife
11%
Film Directed1928Champagne
10%
Film Screenplay1928Champagne
10%
Film Directed1931Mary
10%
Film Screenplay1932Number Seventeen
10%
Film Directed1932Number Seventeen
10%
Film Directed1931The Skin Game
10%
Film Screenplay1931The Skin Game
10%
Film Directed1927Downhill
9%
Film Directed1922Number 13
9%
Film Directed1931Rich and Strange
9%
Film Screenplay1931Rich and Strange
9%
Film Directed1929The Manxman
9%
Film Directed1928Easy Virtue
8%
Film Screenplay1923The White Shadow
6%
Film Directed1934Waltzes from Vienna
6%
Film Directed1923Always Tell Your Wife
5%
Short Film Directed1930An Elastic Affair
5%
Short Film Directed1944Aventure Malgache
5%
Short Film Directed1944Bon Voyage
5%
Film Directed1930Elstree Calling
5%
Film Directed1930Juno and the Paycock
5%
TV Episode Directed1960Startime
5%
Film Screenplay1925The Blackguard
5%
Short Film Directed1944The Fighting Generation
5%
Film Screenplay1924The Passionate Adventure
5%
Film Screenplay1925The Prude's Fall
5%
Film Screenplay1923Woman to Woman
5%
TV Episode Directed1962Alcoa Premiere
4%
Film Production1932Lord Camber's Ladies
4%
Abandoned Film1967Kaleidoscope
3%

Score Distribution

Percentile by Number Answered

Percent of People with Each Score

Your Score History

You have not taken this quiz since the last reset